00401nam a2200133Ia 4500008004100000082001500041100002500056245003100081260001800112600001500130942000700145952009800152999001700250241002s9999 xx 000 0 und d a153.12 MAN aMandelstam, Nadezhda 0aHope Against Hope a Memoir aLondon:c1971 aPhilosophy cUC 00104070aUITUbUITUd1994-01-01l0o153.12 MANpUC539r2024-10-02 09:31:23w2024-10-02yUC c18866d18866